|
|
|
|
| LEADER |
01395nam a22002297a 4500 |
| 003 |
GR-PaULI |
| 005 |
20211005091541.0 |
| 008 |
211004s1952 gr || |||| 000 0 gre d |
| 952 |
|
|
|0 0
|1 0
|2 ddc
|4 0
|6 356_167000000000000_094_95_ΕΓΧ
|7 0
|9 329096
|a LISP
|b LISP
|c DON
|d 2015-03-16
|e ΒΑΛ
|i 132119
|l 0
|o 356.167 094 95 ΕΓΧ
|p 025000252444
|r 2021-10-05 00:00:00
|t 1
|w 2021-10-05
|y BK15
|z Δωρεά Βαλτινού
|
| 999 |
|
|
|c 184275
|d 184275
|
| 040 |
|
|
|a GR-PaULI
|b gre
|c GR-PaULI
|e AACR2
|
| 082 |
0 |
4 |
|2 23
|a 356.167 094 95
|
| 245 |
0 |
0 |
|a Εγχειρίδιον τακτικής χρησιμοποιήσεως των δυνάμεων καταδρομών /
|c Υπουργείον Στρατιωτικών, Γενικόν Επιτελείον Στρατού, Δ/νσις Δυνάμεων Καταδρομών.
|
| 260 |
|
|
|a Αθήναι :
|b Εκ του Στρατιωτικού Τυπογραφείου,
|c 1952.
|
| 300 |
|
|
|a 36 σ. ;
|c 19 εκ.
|
| 500 |
|
|
|a Κάλυμμα: "Εμπιστευτικόν. Να μην περιέλθη εις χείρας του εχθρού".
|
| 500 |
|
|
|a Αύξ. αριθ. 1102.
|
| 650 |
|
4 |
|9 158292
|a Στρατιωτική εκπαίδευση
|z Ελλάδα.
|
| 650 |
|
4 |
|9 187796
|a Ειδικές δυνάμεις (Στρατιωτική επιστήμη)
|
| 710 |
1 |
|
|9 187797
|a Ελλάδα
|b Υπουργείο Στρατιωτικών.
|
| 942 |
|
|
|2 ddc
|c BK
|
| 998 |
|
|
|c ΓΚΟΓΚΟΥ
|d 2021-10
|